Famous Authors Quiz Stats

 Plays Quiz not verified by Sporcle

Challenge
Share
Tweet
Embed
Score 0/71 Timer 08:00
0 Plays Today
Book Name Author % Correct
A Tale of Two CitiesCharles Dickens
97.6%
The IliadHomer
91.3%
Jane EyreCharlotte Bronte
91.3%
The Adventures of Huckleberry FinnMark Twain
91.3%
A Midsummer Night's DreamWilliam Shakespeare
90.6%
Wuthering HeightsEmily Bronte
90.6%
To Kill a MockingbirdHarper Lee
89%
The Great GatsbyF. Scott Fitzgerald
89%
The Catcher in the RyeJ.D. Salinger
87.4%
Pride and PrejudiceJane Austen
87.4%
The Canterbury TalesGeoffrey Chaucer
81.9%
The Call of the WildJack London
81.9%
FrankensteinMary Shelley
81.1%
Moby DickHerman Melville
79.5%
War and PeaceLeo Tolstoy
79.5%
Catch 22Joseph Heller
77.2%
Brave New WorldAldous Huxley
77.2%
Lord of the FliesWilliam Golding
76.4%
The Scarlett LetterNathaniel Hawthorne
74%
Slaughterhouse-FiveKurt Jr. Vonnegut
72.4%
Uncle Tom's CabinHarriet Beecher Stowe
71.7%
The Picture of Dorian GrayOscar Wilde
70.9%
Treasure IslandRobert Louis Stevenson
70.1%
The CrucibleArthur Miller
68.5%
InfernoDante Alighieri
68.5%
The Three Musketeers Alexander Dumas
67.7%
The Bell JarSylvia Plath
66.9%
WaldenHenry David Thoreau
66.1%
Heart of DarknessJoseph Conrad
66.1%
CandideVoltaire
63%
Gulliver's TravelsJonathon Swift
63%
Oedipus RexSophocles
61.4%
The Hunchback of Notre DameVictor Hugo
60.6%
Their Eyes were Watching GodZora Neale Hurston
58.3%
Don QuixoteMiguel de Cervantes
58.3%
Things Fall ApartChinua Achebe
57.5%
Book Name Author % Correct
Crime and PunishmentFyodor Dostoyevsky
57.5%
To the LighthouseVirginia Woolf
57.5%
The Glass MenagerieTennessee Williams
56.7%
As I Lay DyingWilliam Faulkner
55.9%
Robinson CrusoeDaniel Defoe
53.5%
The Red Badge of CourageStephen Crane
52%
Leaves of GrassWalt Whitman
52%
The StrangerAlbert Camus
51.2%
Waiting For GodotSamuel Beckett
48.8%
The Color PurpleAlice Walker
44.9%
PygmalionGeorge Bernard Shaw
44.9%
The AwakeningKate Chopin
42.5%
Native SonRichard Wright
37.8%
Invisible ManEllison Ralph
37%
FaustJohann Wolfgang von Goethe
37%
The Mill on the FlossGeorge Eliot
32.3%
The Cherry OrchardAnton Chekhov
30.7%
BabbitLewis Sinclair
29.9%
The Portrait of a LadyJames Henry
27.6%
Call it SleepRoth Henry
27.6%
The Crying of Lot 49Thomas Pynchon
27.6%
Swann's WayMarcel Proust
27.6%
Death Comes for the ArchbishopWilla Cather
26%
Long Day's Journey into the NightEugene O'Neill
25.2%
Go Tell it on the MountainJames Baldwin
25.2%
The Magic MountainThomas Mann
23.6%
An American TragedyTheodore Dreiser
23.6%
A Good Man is Hard to FindFlannery O'Conner
22.8%
The Adventures of Augie MarchSaul Bellow
18.9%
All Quiet on the Western FrontErich Maria Remarque
16.5%
A Death in the Family James Agee
15%
Vanity FairWilliam Thackeray
15%
The Good SoldierFord Madox Ford
15%
Doctor ZhivagoBoris Pasternack
11.8%
The Woman WarriorMaxine Hong Kingston
4.7%

You're not logged in!

Compare scores with friends on all Sporcle quizzes.
OR
Log In

You Might Also Like...

Show Comments

Extras

Top Quizzes Today


Score Distribution

Your Account Isn't Verified!

In order to create a playlist on Sporcle, you need to verify the email address you used during registration. Go to your Sporcle Settings to finish the process.

Report this User

Report this user for behavior that violates our Community Guidelines.

Details: